000 01312cam a2200337 i 4500
999 _c127351
_d127351
001 17689607
003 ARRUPE
005 20180111120720.0
008 130408s2014 nyu b 001 0 eng
010 _a 2013005749
020 _a9780415503679 (alk. paper)
020 _a9780415503686 (pbk. : alk. paper)
020 _z9780203700303 (ebook)
040 _aDLC
_beng
_erda
_cDLC
_dDLC
042 _apcc
050 0 0 _aQB41.G138
_bF56 2014
082 0 0 _a520
_223
100 1 _aFinocchiaro, Maurice A.,
_d1942-
_938375
245 1 4 _aThe Routledge guidebook to Galileo's Dialogue /
_cMaurice A. Finocchiaro.
260 _aLondon
_bRoutledge
_c2013
300 _axviii, 357 p. ;
_c21 cm.
490 0 _aThe Routledge guides to the great books
504 _aIncludes bibliographical references (pages [336]-343) and index.
600 1 0 _aGalilei, Galileo,
_d1564-1642.
_tDialogo dei massimi sistemi.
_938376
650 0 _aAstronomy.
_96632
651 0 _aSolar system.
_913921
906 _a7
_bcbc
_corignew
_d1
_eecip
_f20
_gy-gencatlg
942 _2lcc
_cMONOGRAPH